Statistics for Country By Second Vowel - O

Click here to take the quiz!

General Stats

  • This quiz has been taken 26 times
  • The average score is 15 of 22

Answer Stats

ContinentAnswer% Correct
EuropeKosovo
89%
AfricaMorocco
89%
S. AmericaColombia
83%
AfricaComoros
83%
AfricaGabon
78%
EuropeAndorra
72%
AfricaAngola
72%
OceaniaSolomon Islands
72%
AfricaTogo
72%
AfricaDjibouti
67%
AsiaGeorgia
67%
OceaniaSamoa
67%
AfricaDemocratic Republic of the Congo
61%
EuropeEstonia
61%
AfricaLesotho
61%
AsiaNorth Korea
61%
AsiaCambodia
50%
AsiaIndonesia
50%
AsiaLaos
50%
EuropeMoldova
50%
AsiaMongolia
50%
AfricaSao Tome and Principe
50%

Score Distribution

Percentile by Number Answered

Percent of People with Each Score

Your Score History

You have not taken this quiz